[Event "It \"]
[Site "masterchessopen.com – Einhausen (Germany)"]
[Date "2010.05.02"]
[Round "7"]
[White "Prenzler Daniel (GER)"]
[Black "Bus Tom (NED)"]
[Result "1-0"]
[WhiteElo "2188"]
[BlackElo "2186"]

1.e4 c5 2.Nf3 Nc6 3.d4 cxd4 4.Nxd4 Nf6 5.Nc3 d6 6.Bg5 e6 7.Qd2 Be7 8.O-O-O O-O
9.f4 h6 10.Bxf6 Bxf6 11.Nb3 a5 12.a4 Qb6 13.Kb1 Rd8 14.g4 Bd7 15.Bb5 Rac8
16.Na2 Nb4 17.Nxb4 Bxb5 18.axb5 axb4 19.h4 Qxb5 20.g5 Bc3 21.Qg2 hxg5 22.Qxg5
Qa4 23.Rhg1 g6 24.Rd3 Bg7 25.f5 Qc6 26.Qg2 exf5 27.exf5 Qb5 28.fxg6 Qe5
29.gxf7+ Kf8 30.Nd4 Kxf7 31.Qg6+ Kg8 32.Qe6+ Kh8 33.Rg5 Qxe6 34.Nxe6 Rd7
35.Rxg7 Rxg7 36.Nxg7 Kxg7 37.Rxd6 Rc4 38.Rd7+ Kh6 39.Rxb7 Kh5 40.Ka2 Rxc2
41.Rxb4 Rh2 42.Rf4 {#r} 1-0

[Event "Ch Hungary (juniors) (under 10)"]
[Site "masterchessopen.com – Budapest (Hungary)"]
[Date "2010.06.30"]
[Round "5"]
[White "Havasi Gergo (HUN)"]
[Black "Ugroczky Peter (HUN)"]
[Result "1-0"]
[WhiteElo "1625"]
[BlackElo "1730"]

1.e4 c5 2.Nf3 d6 3.d4 cxd4 4.Nxd4 Nf6 5.Nc3 Nc6 6.Bg5 e6 7.Qd2 Be7 8.O-O-O O-O
9.f4 a6 10.Be2 Nxd4 11.Qxd4 b5 12.e5 dxe5 13.Qxd8 Bxd8 14.fxe5 Nd7 15.Bf4 Bc7
16.Bf3 Rb8 17.Be3 Nb6 18.Bc5 Bxe5 19.Bxf8 Kxf8 20.Rd8+ Ke7 21.Rdd1 Nc4 22.Rhe1
Bxh2 23.Ne2 Bc7 24.b3 Ne3 25.Rd3 Nf5 26.Nd4 Nxd4 27.Rxd4 Bb6 28.Rd3 Bb7
29.Bxb7 Rxb7 30.Rh3 h6 31.c3 Rc7 32.Kb2 Rd7 33.Kc2 Bc7 34.Rd3 Bd6 35.Red1 Rd8
36.c4 bxc4 37.bxc4 g6 38.c5 Bc7 39.Rxd8 Bxd8 40.c6 Bb6 41.Rd7+ Ke8 42.Rb7 Ba5
43.Kb3 Kd8 44.Rxf7 e5 45.Kc4 Bc7 46.Kd5 Bb8 47.Ke6 e4 48.c7+ {#r} 1-0

[Event "Ch Hungary (juniors) (under 10)"]
[Site "masterchessopen.com – Budapest (Hungary)"]
[Date "2010.07.02"]
[Round "7"]
[White "Gyimesi Peter (HUN)"]
[Black "Ugroczky Peter (HUN)"]
[Result "0-1"]
[WhiteElo "1494"]
[BlackElo "1730"]

1.e4 c5 2.Nf3 d6 3.d4 cxd4 4.Nxd4 Nf6 5.Nc3 Nc6 6.Bg5 e6 7.Qd2 Be7 8.O-O-O O-O
9.f4 h6 10.h4 Ne8 11.Bxe7 Qxe7 12.Bc4 a6 13.Bb3 Qf6 14.Nf3 b5 15.g4 Qe7 16.g5
h5 17.f5 g6 18.fxg6 fxg6 19.Rhf1 Na5 20.Nd5 Nxb3+ 21.axb3 Qg7 22.Kb1 Bb7
23.Nc3 b4 24.Na2 Bxe4 25.Nd4 Bf5 26.Nxb4 a5 27.Nd3 Qxd4 28.Rf4 Qg7 29.Qg2 Rc8
30.Qd2 Nc7 31.Qxa5 Nd5 32.Rff1 Ne3 33.Rfe1 Nxd1 34.Rxd1 Ra8 35.Qd2 Qa7 36.c3
Bxd3+ 37.Qxd3 Qa2+ 38.Kc2 Rf2+ 39.Rd2 Rxd2+ 40.Kxd2 Qxb2+ 41.Ke3 Qc1+ 42.Ke2
Ra2+ 43.Kf3 Qc2 44.Qxd6 Qxc3+ 45.Ke4 Re2+ 46.Kf4 Rf2+ 47.Ke4 Qe1+ 48.Kd4 Rd2+
{#R} 0-1

[Event "Memorial A.Rubinstein (open) (a)"]
[Site "masterchessopen.com – Polanica Zdroj (Poland)"]
[Date "2010.08.26"]
[Round "8"]
[White "Strzemiecki Zbigniew (POL)"]
[Black "Furman Boris (RUS)"]
[Result "1-0"]
[WhiteElo "2358"]
[BlackElo "2234"]

1.e4 c5 2.Nf3 Nc6 3.d4 cxd4 4.Nxd4 Nf6 5.Nc3 d6 6.Bg5 e6 7.Qd2 Be7 8.O-O-O O-O
9.f4 h6 10.h4 e5 11.Nxc6 bxc6 12.Bxf6 Bxf6 13.Qxd6 Qb6 14.fxe5 Rd8 15.Nd5 Rxd6
16.Nxb6 Rxd1+ 17.Kxd1 Bg4+ 18.Kd2 Rd8+ 19.Bd3 Bxe5 20.Nc4 Bg3 21.b4 Be6 22.Na5
Rd6 23.c4 Bd7 24.h5 f5 25.Kc2 fxe4 26.Bxe4 Be8 27.Bf3 c5 28.bxc5 Ra6 29.Nb7
Rxa2+ 30.Kb3 Rf2 31.Nd6 {#r} 1-0

[Event "Ch Finland (team) 2010/11"]
[Site "masterchessopen.com – Finland"]
[Date "2010.09.18"]
[Round "1"]
[White "Luukkonen Tommi (FIN)"]
[Black "Tella Jussi (FIN)"]
[Result "1-0"]
[WhiteElo "2298"]
[BlackElo "2438"]

1.e4 c5 2.Nf3 d6 3.d4 cxd4 4.Nxd4 Nf6 5.Nc3 Nc6 6.Bg5 e6 7.Qd2 Be7 8.O-O-O O-O
9.f4 h6 10.Bh4 e5 11.Nf5 Bxf5 12.exf5 exf4 13.Kb1 d5 14.Bxf6 Bxf6 15.Nxd5 Be5
16.Bc4 b5 17.Bxb5 Rb8 18.c4 Nd4 19.Rhe1 f6 20.a4 a6 21.Bxa6 Rb3 22.Bb5 Qa8
23.Nc7 Qa7 24.Rxe5 fxe5 25.Ne6 Rxf5 26.Nxd4 Qxd4 27.Qxd4 exd4 28.Rxd4 g5 29.a5
Re3 30.a6 Re7 31.Bc6 Ra7 32.Bb7 g4 33.b4 h5 34.b5 f3 35.gxf3 gxf3 36.Rd1 {#r}
1-0

[Event "Tournament \"]
[Site "masterchessopen.com – St. Petersburg (Russia)"]
[Date "2010.10.17"]
[Round "2"]
[White "Sheynin Izrail (RUS)"]
[Black "Dmitriev Pavel"]
[Result "1-0"]
[WhiteElo "2112"]
[BlackElo "1884"]

1.e4 c5 2.Nf3 Nc6 3.d4 cxd4 4.Nxd4 Nf6 5.Nc3 d6 6.Bg5 e6 7.Qd2 Be7 8.O-O-O O-O
9.f4 a6 10.Nf3 Qc7 11.Bd3 Rd8 12.Qe1 b5 13.e5 Ne8 14.Bxe7 {#r} 1-0

[Event "Ch City"]
[Site "masterchessopen.com – Ukhta (Russia)"]
[Date "2010.11.13"]
[Round "5"]
[White "Dmitriev Vadim (RUS)"]
[Black "Volkov Sergey Viktorovich (RUS)"]
[Result "0-1"]
[WhiteElo "1628"]
[BlackElo "2595"]

1.e4 c5 2.Nf3 e6 3.Nc3 Nc6 4.d4 cxd4 5.Nxd4 Nf6 6.Bg5 d6 7.f4 Be7 8.Qd2 O-O
9.O-O-O a6 10.g4 Nxd4 11.Qxd4 Nxg4 12.Bxe7 Qxe7 13.Qxd6 Qh4 14.Rd2 Qe1+ 15.Rd1
Qe3+ 16.Qd2 b5 17.Qxe3 Nxe3 18.Rd3 Nxf1 19.Rxf1 Bb7 20.e5 Rfd8 21.Rfd1 Rxd3
22.Rxd3 Kf8 23.Kd2 Ke7 24.Ke3 Rc8 25.Rd2 Rc4 26.Rd4 Rc5 27.a3 g5 28.Rd2 gxf4+
29.Kxf4 Rc4+ 30.Kg5 Bf3 31.Rd6 f6+ 32.Kh6 fxe5 33.Rxa6 Kf6 34.Kxh7 Rh4+ 35.Kg8
Rxh2 36.Ra7 e4 37.Nxb5 Rg2+ 38.Kf8 Rxc2 39.Ke8 Rxb2 40.a4 Bh5+ 41.Kd7 e3
42.Rc7 e2 {#R} 0-1

[Event "Tournament (Elo) \"]
[Site "masterchessopen.com – Warsaw (Poland)"]
[Date "2010.12.03"]
[Round "10"]
[White "Lewandowski Rafal (POL)"]
[Black "Sanz Losada Victoriano (ESP)"]
[Result "1-0"]
[WhiteElo "2202"]
[BlackElo "2138"]

1.e4 c5 2.Nf3 d6 3.d4 cxd4 4.Nxd4 Nf6 5.Nc3 Nc6 6.Bg5 e6 7.Qd2 Be7 8.f4 O-O
9.O-O-O a6 10.Kb1 Qc7 11.f5 Ne5 12.Bd3 b5 13.Nce2 Nc4 14.Qc1 e5 15.Nf3 Bb7
16.Bxf6 Bxf6 17.g4 Rfd8 18.g5 Be7 19.f6 Bf8 20.fxg7 Bxg7 21.Ng3 d5 22.Rde1 Nd6
23.Nd2 d4 24.Nh5 Bc8 25.h4 Be6 26.Reg1 b4 27.Nxg7 Kxg7 28.h5 Nb5 29.Nb3 Rh8
30.Qf1 Qe7 31.Rh2 Nc7 32.Nd2 a5 33.Nf3 Qd6 34.Nh4 a4 35.Qf6+ Kg8 36.Nf5 Bxa2+
37.Kxa2 Qxf6 38.gxf6+ Kf8 39.Rhg2 Ne8 40.Nh6 Nxf6 41.Rf1 b3+ 42.Kb1 bxc2+
43.Rxc2 Kg7 44.Rg2+ {#r} 1-0

[Event "It (open)"]
[Site "masterchessopen.com – Zwijndrecht (Belgium)"]
[Date "2010.12.26"]
[Round "2"]
[White "Pauw Martijn (NED)"]
[Black "Nieto Emanuel (BEL)"]
[Result "0-1"]
[WhiteElo "2040"]
[BlackElo "2272"]

1.e4 c5 2.Nc3 Nc6 3.Nge2 d6 4.d4 cxd4 5.Nxd4 Nf6 6.Bg5 e6 7.Qd2 Be7 8.O-O-O
O-O 9.f4 h6 10.Bxf6 Bxf6 11.Nxc6 bxc6 12.Qxd6 Qb6 13.e5 Rd8 14.Qa3 Qe3+ 15.Kb1
Rxd1+ 16.Nxd1 Qxa3 17.bxa3 Rb8+ 18.Kc1 Be7 19.Kd2 Bxa3 20.Nc3 Bd7 21.Bd3 Bb4
22.Re1 Kf8 23.g4 Ke7 24.Re3 c5 25.Be2 Bc6 26.Bf3 Rd8+ 27.Ke2 Bxf3+ 28.Rxf3 Rd4
29.Nb1 Re4+ 30.Kd3 Re1 31.Nc3 Ba5 32.Kc4 Bb6 33.Kb5 Rc1 34.Rf2 Kd7 35.Rd2+ Kc7
36.a4 Ra1 37.f5 Ra3 38.Ne4 a6+ 39.Kc4 Rxa4+ 40.Kd3 c4+ 41.Ke2 c3 {#R} 0-1

[Event "Ch Netherlands (team) 2010/11"]
[Site "masterchessopen.com – Netherlands"]
[Date "2011.01.08"]
[Round "5"]
[White "Smeets Jan (NED)"]
[Black "Bus Tom (NED)"]
[Result "1-0"]
[WhiteElo "2619"]
[BlackElo "2186"]

1.e4 c5 2.Nf3 Nc6 3.d4 cxd4 4.Nxd4 Nf6 5.Nc3 d6 6.Bg5 e6 7.Qd2 Be7 8.O-O-O O-O
9.f4 h6 10.Bh4 e5 11.Nf5 Bxf5 12.exf5 exf4 13.Qxf4 d5 14.Kb1 d4 15.Bxf6 Bxf6
16.Ne4 Be5 17.Qg4 Kh8 18.Bc4 b5 19.Bxb5 Rb8 20.f6 gxf6 21.Qh3 Rxb5 22.Qxh6+
Kg8 23.Rd3 Rxb2+ 24.Kxb2 Qb8+ 25.Ka1 Qb4 26.Rg3+ Bxg3 {#r} 1-0

[Event "Memorial P.Keres (active) (final)"]
[Site "masterchessopen.com – Tallinn (Estonia)"]
[Date "2011.01.08"]
[Round "1"]
[White "Shirov Alexei (ESP)"]
[Black "Lugovoi Aleksei (RUS)"]
[Result "1-0"]
[WhiteElo "2713"]
[BlackElo "2531"]

1.e4 c5 2.Nf3 d6 3.d4 cxd4 4.Nxd4 Nf6 5.Nc3 Nc6 6.Bg5 e6 7.Qd2 Be7 8.O-O-O O-O
9.f4 h6 10.Bh4 e5 11.Nf5 Bxf5 12.exf5 exf4 13.Kb1 d5 14.Bxf6 Bxf6 15.Nxd5 Be5
16.f6 Bxf6 17.Qxf4 Be5 18.Qa4 Qd6 19.g3 Qc5 20.c3 Rad8 21.Bg2 Bb8 22.Rd2 Kh8
23.Rhd1 Ne5 24.Qd4 Qxd4 25.Rxd4 Nc6 26.R4d2 Rfe8 27.Kc2 g6 28.Nf6 Rxd2+
29.Rxd2 Rd8 30.Nd7 Ne5 31.Nxe5 Rxd2+ 32.Kxd2 Bxe5 33.Bxb7 Kg7 34.b4 f5 35.c4
Kf6 36.c5 h5 37.Bf3 h4 38.gxh4 Bxh2 39.a4 a5 40.bxa5 Bg1 41.c6 Ke7 42.Bd5 Kd6
43.Kd3 Bf2 44.Ke2 Ba7 45.Kf3 Bb8 46.a6 Kc7 47.Kf4 Kb6+ 48.Kg5 Kxa6 49.Kxg6
{#r} 1-0

[Event "It (open)"]
[Site "masterchessopen.com – Medellin (Colombia)"]
[Round "6"]
[White "Alvarez Javier (COL)"]
[Black "Remicio Duque John H (COL)"]
[Result "1-0"]
[WhiteElo "2174"]
[BlackElo "2111"]

1.e4 c5 2.Nf3 d6 3.d4 cxd4 4.Nxd4 Nf6 5.Nc3 Nc6 6.Bg5 e6 7.Qd2 Be7 8.O-O-O O-O
9.f4 Bd7 10.Ndb5 d5 11.exd5 exd5 12.Bxf6 Bxf6 13.Nxd5 {#r} 1-0

[Event "It (open)"]
[Site "masterchessopen.com – Jakarta (Indonesia)"]
[Date "2011.04.05"]
[Round "7"]
[White "Sukandar Irine Kharisma (INA)"]
[Black "Suhendra Andi Supardi (INA)"]
[Result "0-1"]
[WhiteElo "2330"]
[BlackElo "2242"]

1.e4 c5 2.Nf3 d6 3.d4 cxd4 4.Nxd4 Nf6 5.Nc3 Nc6 6.Bg5 e6 7.Qd2 Be7 8.O-O-O O-O
9.f4 h6 10.Bh4 e5 11.Nf5 Bxf5 12.exf5 exf4 13.Qxf4 d5 14.Kb1 d4 15.Nb5 Qb6
16.Bxf6 Bxf6 17.Bd3 Nb4 18.Qc7 Qxc7 19.Nxc7 Rad8 20.Be4 Rd7 21.Nb5 a6 22.Nxd4
Re8 23.Bf3 Rxd4 24.Rxd4 Bxd4 25.c3 Bxc3 26.bxc3 Nd3 27.Kc2 Ne1+ 28.Kd2 Nxf3+
29.gxf3 Re5 30.Rb1 b5 31.f6 g5 32.Rb4 Rf5 33.Ke3 Rxf6 34.a4 Rf4 35.axb5 Rxb4
36.cxb4 axb5 37.Kd4 f5 38.Kc5 f4 39.h3 h5 40.Kd5 g4 {#R} 0-1

[Event "Cup Summer (open)"]
[Site "masterchessopen.com – Saratov (Russia)"]
[Date "2011.06.27"]
[Round "1"]
[White "Brekhov Denis (RUS)"]
[Black "Golovchanskaya Alina (RUS)"]
[Result "1-0"]
[WhiteElo "1952"]
[BlackElo "1562"]

1.e4 c5 2.Nf3 d6 3.d4 cxd4 4.Nxd4 Nc6 5.Nc3 Nf6 6.Bg5 e6 7.Qd2 Be7 8.f4 O-O
9.O-O-O a6 10.Kb1 d5 11.e5 Nd7 12.Bxe7 Qxe7 13.g4 Nxd4 14.Qxd4 Qc5 15.Qd2 b5
16.Bd3 Bb7 17.Rhe1 Nb6 18.f5 d4 19.Ne4 Qxe5 20.Ng5 Qd6 21.fxe6 f6 22.Bxh7+ Kh8
23.Nf7+ Kxh7 24.Nxd6 {#r} 1-0

[Event "It \"]
[Site "masterchessopen.com – Nachod (Czech Republic)"]
[Date "2011.07.07"]
[Round "6"]
[White "Vesecky Martin (CZE)"]
[Black "Furman Boris (RUS)"]
[Result "0-1"]
[WhiteElo "2087"]
[BlackElo "2262"]

1.e4 c5 2.Nf3 Nc6 3.d4 cxd4 4.Nxd4 Nf6 5.Nc3 d6 6.Bg5 e6 7.f4 Be7 8.Qd2 O-O
9.O-O-O h6 10.Bxf6 Bxf6 11.Nb3 e5 12.g3 Bg4 13.Be2 Bxe2 14.Nxe2 Qe8 15.Kb1
exf4 16.gxf4 Qxe4 17.Ng3 Qb4 18.Qg2 Qxf4 19.Rdf1 Qe5 20.c3 Qg5 21.Rhg1 Be5
22.Qe4 Bxg3 23.Rxg3 Qe5 24.Qh4 Rae8 25.Nd2 Re6 26.Nc4 Qe2 27.Rfg1 Rg6 28.a3
Ne5 29.Nxd6 Nf3 {#R} 0-1

[Event "It (open)"]
[Site "masterchessopen.com – Bratto (Italy)"]
[Date "2011.08.25"]
[Round "6"]
[White "Fedorchuk Sergey A (UKR)"]
[Black "Greenfeld Alon (ISR)"]
[Result "1-0"]
[WhiteElo "2618"]
[BlackElo "2566"]

1.e4 c5 2.Nf3 d6 3.d4 cxd4 4.Nxd4 Nf6 5.Nc3 Nc6 6.Bg5 e6 7.Qd2 Be7 8.O-O-O O-O
9.f4 h6 10.Bh4 e5 11.Nf5 Bxf5 12.exf5 exf4 13.Kb1 d5 14.Bxf6 Bxf6 15.Nxd5 Be5
16.c3 Ne7 17.Bc4 Nxf5 18.Rhe1 Bd6 19.Nxf4 Qg5 20.Rf1 Rae8 21.Nd5 Qg4 22.Bd3
Ne7 23.Ne3 Qg5 24.g3 Bc5 25.Nc4 Qxd2 26.Rxd2 Ng6 27.Rf5 Re1+ 28.Kc2 Rc8 29.Rd5
Nf8 30.a4 Be7 31.Nd6 Rc7 32.Nb5 Rc5 33.Bf5 Rxd5 34.Rxd5 a6 35.Nd4 Rh1 36.h4
Rh2+ 37.Kb3 Rg2 38.Bc8 b6 39.Bxa6 g6 40.Nc6 Bf6 41.Bc8 Rxg3 42.Rb5 Bxh4
43.Rxb6 Rd3 44.a5 Bf2 45.Kc2 Re3 46.Rb8 Re2+ 47.Kd3 Re1 48.a6 Ra1 49.Rb3 Ra2
50.Nd4 {#r} 1-0

[Event "Ch Hungary (juniors) (team)"]
[Site "masterchessopen.com – Miskolc (Hungary)"]
[Date "2011.11.05"]
[Round "7"]
[White "Farkas Mate (HUN)"]
[Black "Vida Krisztian (HUN)"]
[Result "1-0"]
[WhiteElo "1780"]
[BlackElo "1531"]

1.e4 c5 2.Nf3 d6 3.d4 cxd4 4.Nxd4 Nf6 5.Nc3 Nc6 6.Bg5 e6 7.Qd2 Be7 8.O-O-O O-O
9.f4 d5 10.e5 Nd7 11.Bxe7 Qxe7 12.Be2 Nb6 13.g4 Bd7 14.g5 Nxd4 15.Qxd4 Rac8
16.Rhf1 Qc5 17.h4 Qxd4 18.Rxd4 g6 19.Nd1 Rc7 20.Ne3 Bc6 21.h5 Nd7 22.Bg4 Rfc8
23.hxg6 hxg6 24.Bd1 Kg7 25.Rh1 Rh8 26.Rxh8 Kxh8 27.Rd2 Kg7 28.Ng4 Rc8 29.Rh2
Rh8 30.Rxh8 Kxh8 31.Nf6 Nxf6 32.exf6 Kg8 33.Kd2 Kf8 34.Ke3 Ke8 35.Kd4 Kd7
36.Ke5 a6 37.c3 b5 38.Be2 Bb7 39.Bd3 Bc6 40.a4 Kc7 41.Bxg6 fxg6 42.f7 {#r} 1-0

[Event "Ch Israel (team) 2011/12"]
[Site "masterchessopen.com – Israel"]
[Date "2012.03.02"]
[Round "11"]
[White "Baron Tal (ISR)"]
[Black "Rechlis Gad (ISR)"]
[Result "0-1"]
[WhiteElo "2498"]
[BlackElo "2467"]

1.e4 c5 2.Nf3 d6 3.d4 cxd4 4.Nxd4 Nf6 5.Nc3 Nc6 6.Bg5 e6 7.Qd2 Be7 8.O-O-O O-O
9.f4 h6 10.Bh4 e5 11.Nf5 Bxf5 12.exf5 exf4 13.Qxf4 d5 14.Kb1 d4 15.Bxf6 Bxf6
16.Ne4 Rc8 17.Bc4 Be5 18.Qf3 Na5 19.Bb3 Nxb3 20.Qxb3 Rc6 21.Rhe1 Qa5 22.Re2
Rb6 23.Qd3 Qb4 24.b3 Qa3 25.Nf2 f6 26.Ng4 Rc8 27.Nxe5 fxe5 28.Rxe5 Ra6 29.Rde1
Rc3 30.Qe4 Rxb3+ 31.cxb3 Qxa2+ 32.Kc1 Qa1+ 33.Qb1 Qc3+ 34.Kd1 Ra1 35.Qxa1
Qxa1+ 36.Ke2 Qb2+ 37.Kf1 Qxb3 {#R} 0-1

[Event "It (open) \"]
[Site "masterchessopen.com – Brno (Czech Republic)"]
[Date "2012.08.29"]
[Round "5"]
[White "Lanc Alois (SVK)"]
[Black "Straka Vojtech (CZE)"]
[Result "1-0"]
[WhiteElo "2406"]
[BlackElo "2269"]

1.e4 c5 2.Nf3 d6 3.d4 cxd4 4.Nxd4 Nf6 5.Nc3 Nc6 6.Bg5 e6 7.Qd2 Be7 8.O-O-O O-O
9.f4 h6 10.Bh4 Bd7 11.Nf3 Nxe4 12.Nxe4 Bxh4 13.Nxh4 Qxh4 14.Nxd6 Bc8 15.g3 Qh5
16.Bg2 Rb8 17.Qc3 Qa5 18.Qxa5 Nxa5 19.a3 Nc6 20.Bxc6 bxc6 21.Rhe1 Ba6 22.Re5
Rbd8 23.c4 Rd7 24.Ra5 Bc8 25.Nxc8 Rxd1+ 26.Kxd1 Rxc8 27.Rxa7 g5 28.b4 Kg7
29.Kd2 Kg6 30.a4 gxf4 31.gxf4 f6 32.a5 Kf5 33.Re7 Ra8 34.Rc7 Rd8+ 35.Ke3 Rb8
36.b5 {#r} 1-0

[Event "Memorial Oliver Gonzalez (open) (b)"]
[Site "masterchessopen.com – Madrid (Spain)"]
[Date "2012.09.01"]
[Round "1"]
[White "Magan Gonzalez Alberto"]
[Black "Anton Quevedo Andrea"]
[Result "1-0"]
[WhiteElo "1850"]
[BlackElo "1416"]

1.e4 c5 2.Nf3 Nc6 3.d4 cxd4 4.Nxd4 d6 5.Nc3 Nf6 6.Bg5 e6 7.Qd2 Be7 8.f4 O-O
9.O-O-O a6 10.Nf3 Ng4 11.Bxe7 Qxe7 12.h3 Nf6 13.Qxd6 Qxd6 14.Rxd6 Rd8 15.Rxd8+
Nxd8 16.g4 b5 17.e5 Bb7 18.Be2 Nd5 19.Nxd5 Bxd5 20.Rd1 Rc8 21.Kb1 Nc6 22.c3 b4
23.c4 Be4+ 24.Kc1 Na5 25.b3 Nc6 26.Nd4 Ne7 27.Kd2 Bg2 28.Bf1 Bxf1 29.Rxf1 Rd8
30.Ke3 g6 31.Rf2 Kg7 32.Rd2 h6 33.Nxe6+ fxe6 34.Rxd8 Kf7 35.Rd7 Ke8 36.Rxe7+
Kxe7 37.Kd4 Kd7 38.Kc5 a5 39.h4 Kc7 40.Kb5 Kb7 41.Kxa5 Kc6 42.Kxb4 {#r} 1-0